Geography Of Antarctica On A Map - Statistics

General Stats
  • This quiz has been taken 61 times
  • The average score is 5 of 41
Answers on the Map
Answers color-coded by a green-red scale on the quiz's map according to % correct below.
 
Answer Stats
Answer % Correct
Ross
65%
Amundsen-Scott
50%
Southern Ocean
46%
McMurdo
43%
Amundsen Sea
39%
Vostok
35%
Weddell Sea
35%
Queen Maud Land
33%
Mount Vinson Massif
24%
Marie Byrd Land
22%
Bellingshausen
11%
Bellingshausen Sea
9%
Davis
9%
Georg Von Neumeyer
9%
Ronne
9%
Victoria Land
9%
Dumont d'Urville
7%
Ellsworth Land
7%
Palmer
7%
Amery
4%
Arctowski
4%
Esperanza
4%
Halley
4%
Mawson
4%
Scott Base
4%
Wilkes Land
4%
Casey
2%
Dakshin Gangotri
2%
Faraday
2%
General Belgrano II
2%
Mirnyy
2%
Mizuho
2%
Molodezhnaya
2%
Mount Dome A
2%
Novolazarevskaya
2%
Sanae
2%
Syowa
2%
Captain Arturo Prat
0%
General Belgrano III
0%
Mount Kirkpatrick
0%
Mount Lister
0%
No matching quizzes found
Score Distribution
Percent of People with Each Score
Percentile by Number Answered
Your Score History
You have not taken this quiz